000 01009nam0a22002891 4500
001 RU\NLR\INFOCOMM_223\5000057938
005 20250613101010.0
035 _a(NLR Aleph) 009369283
090 _a7911806
_c7911806
100 _a20101215d1976 |||y0rusy50 ca
101 1 _afre
_crus
_frus
102 _aRU
105 _ay ||||000|y
200 1 _aSur la physique et l'astrophysique
_eProblèmes importants présentant aujourd'hui un intérêt particulier
_e[Trad. du russe ...]
_fPar V. Ginzburg
210 _aM.
_cMir
_d1976
215 _a126 с.
_d20 см
225 1 _aScience soviétique
300 _aДоп. тит. л. на рус. яз.: В. Л. Гинзбург. О физике и астрофизике
320 _aБиблиогр.: с. 116-123
686 _aФз-0[В3]
_2rubbk
686 _aА4[В63]
_2rubbk
700 1 _aGinzburg
_bV. L.
_f1916-
_gVitalij Lazarevič
_4070
801 1 _aRU
_bNLR
_c20101215
801 0 _aRU
_bNLR
_gPSBO
852 _aNLR
_jФз01 Д-3/113
942 _cBOOK
980 _aNB